000 00303cam a2200133ua 4500
041 _aeng
_h
082 _a940
_bSAC/HI
100 _aSacrum, Laetitlae .
245 _aHistory of Europe /
_cLaetitlae Sacrum.
_hTextual Documents
300 _a1376 ; .
504 _a
942 _cBK
999 _c6394
_d6394